Trump… or Gump? - Statistics

General Stats
  • This quiz has been taken 266 times
    254 since last reset
  • The average score is 13 of 18
Answer Stats
Question Answer % Correct
Married Jenny Gump
94%
Won a presidential election Trump
94%
Had a cameo in a Home Alone movie Trump
91%
Has a successful chain of seafood restaurants with 35 locations Gump
88%
Has been in the Oval Office Both
82%
Went to college on a football scholarship Gump
82%
Engaged in “Ping-Pong Diplomacy” Gump
81%
Ran with a red hat Both
80%
Was supposed to fight in Vietnam, but got a medical deferment Trump
80%
Made fries at McDonald’s Trump
78%
Made a lot of money from business ventures Both
77%
An excellent golfer Trump
74%
Said, "Stupid is as stupid does." Gump
70%
Has a son named after him (a junior, if you will) Both
65%
Was staying at the Watergate Complex when the Watergate Scandal happened Gump
64%
Survived being shot Both
61%
Ate burgers and fries with the national college football champions Trump
41%
Subject of a Weird Al Yankovic song parody, which is set to the tune of "Lump" by The Presidents of the United States of America Gump
22%
No matching quizzes found
Score Distribution
Percent of People with Each Score
Percentile by Number Answered
Your Score History
You have not taken this quiz since the last reset